Quizzes
Events
Quiz Creation
Community
Videos
Private Events
Remove Ads
Sign In
Join for FREE
Feedback
Dark Mode
Quiz Categories
Sports
Geography
Music
Movies
Television
Just For Fun
Miscellaneous
History
Literature
Language
Science
Gaming
Entertainment
Religion
Holiday
For Kids
Quiz Lab
Recent
Popular Today
Quiz Kudos Today
Editor Picks
Curator Picks
Quizzes by...
Day
Popularity
Type
Ratings
Length
Year
Community
Subscriptions
Recent Discussions
Orange Saloon
Badges
Playlists
Quests
Create
Leaderboards
Showdown
Live 5
Trivia Bingo
Activity
Puzzle Library
Sporcle Events
Private Events
Virtual Trivia
Globe League
Become a Host
Pub Owners
SporcleCon
Opinionation
Our Games
Videos
Blog
Mobile Apps
Partnerships
Remove Ads and Go Orange
Feedback
Sports
Athletes
MLB
NBA
NHL
NFL
Soccer
Sports Teams
WWE
NCAA
Football
Premier League
Basketball
Baseball
Hockey
Golf
Tennis
Cricket
Rugby
Auto Racing
Olympics
World Cup
Sports
Athletes
MLB
NBA
NHL
NFL
Soccer
Sports Teams
WWE
NCAA
Football
Premier League
Basketball
Baseball
Hockey
Golf
Tennis
Cricket
Rugby
Auto Racing
Olympics
World Cup
Random Quiz
Search Sporcle
×
Quiz Lab
Quiz Lab
Sports
Baseball
Type in answers that appear in a list
Type in answers that appear in a list
Classic
Best Score? Go Orange.
Leadoff Hitters by Franchise (1990s) Stats
Can you name the most common leadoff hitter for each franchise in the1990s?
By
ryanmccrystal
6m
30 Questions
187 Plays
187 Plays
187 Plays
Comments
Comments
Give Quiz Kudos
Give Quiz Kudos
-
- Ratings
hide this ad
More Info
Replay
Link that replays current quiz
Next Quiz
Link to next quiz in quiz playlist
You Got
0%
They Got
Avg Score
47%
Avg Friend Score
Upgrade to see
Score Distribution
Jump to the score distribution portion of the page
Score
0/30
Timer
06:00
0
Plays Today
Franchise
Leadoff Hitter
% Correct
Athletics
Rickey Henderson
90.4%
Astros
Craig Biggio
88.2%
Indians
Kenny Lofton
82.9%
Orioles
Brady Anderson
71.1%
Braves
Otis Nixon
68.4%
Blue Jays
Devon White
67.9%
Twins
Chuck Knoblauch
67.9%
Yankees
Chuck Knoblauch
67.9%
Phillies
Lenny Dykstra
64.7%
Dodgers
Brett Butler
58.8%
Rockies
Eric Young
57.8%
Mets
Vince Coleman
55.1%
Diamondbacks
Tony Womack
46%
Pirates
Tony Womack
46%
Royals
Johnny Damon
44.4%
Franchise
Leadoff Hitter
% Correct
Red Sox
Wade Boggs
43.3%
Expos
Delino DeShields
42.2%
White Sox
Ray Durham
41.2%
Mariners
Joey Cora
36.4%
Padres
Bip Roberts
36.4%
Reds
Bip Roberts
36.4%
Tigers
Tony Phillips
36.4%
Brewers
Fernando Vina
30.5%
Marlins
Chuck Carr
26.7%
Cubs
Brian McRae
25.1%
Angels
Luis Polonia
23%
Giants
Darren Lewis
19.8%
Rangers
Tom Goodwin
19.8%
Cardinals
Bernard Gilkey
15%
Devil Rays
Randy Winn
14.4%
Quiz Playlist
Details
Report
Send in Message
Add To Playlist
More Info:
Also try the 2000s version http://www.sporcle.com/games/ryanmccrystal/leadoff-hitters-by-team-2000s
Classic:
Type in answers that appear in a list
Quiz Source
Last Updated: Feb 16, 2017
Quiz Scoreboard
CHALLENGE
Sign Up to Join the Scoreboard
Show All
Scores
Hide
Comments
May contain spoilers
Recently Published
9x9 Crossword: Cartoon Network
by jackfrog10
Miscellaneous
3m
College Basketball Coaching Resumes
by pancakes188
Sports
9m
Billboard Blitz: Fleetwood Mac
by CooCooCachoo
Music
15s
More to Explore
Quiz From the Vault
Featured Blog Post
Where Did the Easter Bunny Come From?
hide this ad
You Might Also Like...
Tags
Baseball Quiz
MLB Quiz
lineup
Today's Top Quizzes in Sports
Browse Sports
hide this ad
Today's Top Quizzes in Baseball
Browse Baseball
Top Contributed Quizzes in Sports
1
2022 World Cup Stars
2
Les meilleurs buteurs des matchs entre le PSG et l’OM
3
FIFA Club World Cup Champions
4
Les entraîneurs de l'OM et du PSG au 21e siècle
5
Criteria MLB: Left Handed Sluggers
6
AFC Teams Reveal (Wrong Answers Minefield)
7
2023 MLB Unique Player Accomplishments
8
5-to-1: FBS Animal Nicknames
9
Players with Multiple 50 Home Run Seasons
10
5-to-1: UK Sports Teams
Explore More
Trending Topics
Kpop
Disney
Marvel
Crossword
NBA
Anime
Harry Potter
Pokémon
Song
Country
Soccer
Puzzle
WWE
NFL
The Office
hide this ad
More By:
ryanmccrystal
Quiz
Plays
Rating
Category
Featured
Created
NFL Pre-Favre
89,524
4.31
Sports
Oct 4, 2009
Most Opening Day Starts Since 1990
9,272
4.30
Sports
Nov 6, 2009
Connect The Teammates (MLB)
2,181
3.79
Sports
Nov 9, 2009
1990s Yankees
1,832
4.40
Sports
Dec 10, 2009
1990s Indians HR Leaders
1,553
4.89
Sports
Dec 6, 2009
Go to Creator's Profile
Score Distribution
Quiz Creator Spotlight
ryanmccrystal
Follow
Send a Message
Quizzes Created
-
Created Quiz Play Count
-
More By This Creator
Popular Quizzes Today
1
Find the US States - No Outlines Minefield
2
Find the Countries of Europe - No Outlines Minefield
3
The Countries of the World
4
Find the US States
5
Risky Map Clicking: Biggest States A-Z
6
US States
7
Popular People in 1961
8
Movies - When Are They Set?
More Sports Quizzes
Real Madrid Legends
Quiz Lab
Trending Quizzes
Risky Map Clicking: Least Populous States A-Z
1-10 Letter G Words
1-10 Letter F Words
Risky Map Clicking: Next State Alphabetically
Adjectives in 80s TV Shows
Recently Updated
Leaping Animals
pecheneg
Reality TV Shows (A-Z)
bhenderson79
Rickey Henderson's Hall of Fame Teammates
pecheneg
Champions League XIs: Arsenal
pecheneg
Quick Pick: Celebrities in WWE's Hall of Fame
aduchscher
A-Z Keypad Blitz II
pecheneg
Multiple Oscar Actors
pecheneg
Mystery Phrase Blitz: Oscar 'Best Actors'
pecheneg
F. Scott Fitzgerald Novels
LTH
Pick 3 Villains
ddd62291
Trending Topics
Anime
Crossword
Kpop
NBA
Disney
Marvel
Harry Potter
Puzzle
The Office
NFL
Country
Song
Soccer
Pokémon
WWE
Your Account Isn't Verified!
In order to create a playlist on Sporcle, you need to verify the email address you used during registration. Go to your
Sporcle Settings
to finish the process.
Report this User
Report this user for behavior that violates our
Community Guidelines
.
Details:
Send Report
Go to the Sporcle.com Mobile Site →
Comments